[Event "Nordic ch"]
[Site "Torshavn"]
[Date "1987.??.??"]
[Round "?"]
[White "Petursson, M"]
[Black "Wedberg, Tom"]
[Result "1/2-1/2"]
[WhiteElo "2490"]
[BlackElo "2475"]
[PlyCount "122"]
[EventDate "1987.??.??"]

1. d4 Nf6 2. c4 e6 3. Nc3 d5 4. cxd5 exd5 5. Bg5 Be7 6. e3 O-O 7. Bd3 Nbd7 8.
Nge2 Re8 9. O-O c6 10. Qc2 Nf8 11. a3 Be6 12. b4 Rc8 13. f3 a5 14. Rab1 axb4
15. axb4 h6 16. Bh4 N6d7 17. Bg3 b5 18. e4 dxe4 19. fxe4 Nb6 20. Qc1 Nc4 21.
Kh1 Bg5 22. Bf4 Bxf4 23. Qxf4 Ng6 24. Qc1 Nge5 25. Bxc4 Nxc4 26. e5 Ra8 27. Qf4
Qg5 28. Ra1 Ne3 29. Qxg5 hxg5 30. Rfc1 Rxa1 31. Rxa1 Nc2 32. Rb1 Bf5 33. Rb2
Rd8 34. d5 cxd5 35. Nxb5 d4 36. Nd6 Bg6 37. b5 f6 38. b6 d3 39. Nc3 Nd4 40. b7
Nc6 41. Rb6 Nb8 42. e6 d2 43. Kg1 Kf8 44. Kf2 Ke7 45. Nc8+ Ke8 46. Nd6+ Ke7 47.
Nc8+ Ke8 48. Nd1 Bh5 49. Nd6+ Rxd6 50. Rxd6 Bxd1 51. Ke3 Ba4 52. Rxd2 Bc6 53.
Ra2 Bxb7 54. Rb2 Bxg2 55. Rxg2 Ke7 56. Rb2 Nc6 57. Rb6 Nd8 58. Ke4 Nxe6 59.
Rb7+ Kf8 60. Kf5 Nf4 61. h4 Kg8 1/2-1/2

[Event "Nordic ch"]
[Site "Torshavn"]
[Date "1987.??.??"]
[Round "?"]
[White "Schneider, Lars Ake"]
[Black "Hansen, Curt"]
[Result "0-1"]
[WhiteElo "2435"]
[BlackElo "2550"]
[PlyCount "56"]
[EventDate "1987.??.??"]

1. e4 c5 2. Nf3 d6 3. d4 cxd4 4. Nxd4 Nf6 5. Nc3 e6 6. f4 a6 7. Qf3 Qb6 8. Nb3
Qc7 9. Bd3 b5 10. g4 Nc6 11. Be3 Nb4 12. a3 Nxd3+ 13. cxd3 Bb7 14. Rc1 Qd8 15.
O-O Be7 16. f5 O-O 17. Qh3 exf5 18. gxf5 Nd7 19. Rc2 d5 20. Rg2 Bf6 21. Rf3
dxe4 22. dxe4 Re8 23. Rfg3 Kh8 24. Bg5 Bxe4 25. Nxe4 Rxe4 26. Bxf6 Nxf6 27.
Rxg7 Qd1+ 28. Kf2 Qe1+ 0-1

[Event "Nordic ch"]
[Site "Torshavn"]
[Date "1987.??.??"]
[Round "?"]
[White "Schneider, Lars Ake"]
[Black "Mortensen, Erling"]
[Result "1/2-1/2"]
[WhiteElo "2435"]
[BlackElo "2450"]
[PlyCount "44"]
[EventDate "1987.??.??"]

1. e4 c5 2. Nf3 e6 3. d4 cxd4 4. Nxd4 Nf6 5. Nc3 d6 6. f4 a6 7. Nf3 Qb6 8. Bd3
Nc6 9. Qe2 Be7 10. Rb1 O-O 11. Be3 Qc7 12. O-O b5 13. a4 b4 14. Nd1 Bb7 15. Nf2
e5 16. Rbd1 Rfd8 17. Kh1 h6 18. fxe5 Nxe5 19. Nxe5 dxe5 20. Ng4 Nxg4 21. Qxg4
Rd6 22. Qh5 Rf6 1/2-1/2

[Event "Nordic ch"]
[Site "Torshavn"]
[Date "1987.??.??"]
[Round "?"]
[White "Schneider, Lars Ake"]
[Black "Olafsson, Helgi"]
[Result "0-1"]
[WhiteElo "2435"]
[BlackElo "2540"]
[PlyCount "86"]
[EventDate "1987.??.??"]

1. e4 c5 2. Nf3 d6 3. d4 cxd4 4. Nxd4 Nf6 5. Nc3 a6 6. f4 Nbd7 7. Nf3 e6 8. Bd3
Nc5 9. O-O Be7 10. e5 dxe5 11. fxe5 Nd5 12. Ne4 Qb6 13. Kh1 Nxe4 14. Bxe4 Ne3
15. Bxe3 Qxe3 16. Re1 Qb6 17. Qd3 h6 18. a4 O-O 19. a5 Qc7 20. c3 Bd7 21. Nd4
Rfd8 22. Qf3 Rab8 23. Bd3 Be8 24. Qe4 g6 25. Qf4 Bg5 26. Qg3 Qe7 27. Rf1 Rbc8
28. Be4 Rc7 29. Rad1 h5 30. Rd3 Bh6 31. Rfd1 Rb8 32. b4 Rbc8 33. h3 Qg5 34. Qf3
Rb8 35. Ne2 Ba4 36. Ra1 Bb5 37. Rd6 Qxe5 38. Rb6 Bxe2 39. Qxe2 Rxc3 40. Rf1 Re3
41. Qf2 Qxe4 42. Qxf7+ Kh8 43. Qc7 Rxh3+ 0-1

[Event "Nordic ch"]
[Site "Torshavn"]
[Date "1987.??.??"]
[Round "?"]
[White "Schneider, Lars Ake"]
[Black "Petursson, M"]
[Result "0-1"]
[WhiteElo "2435"]
[BlackElo "2490"]
[PlyCount "82"]
[EventDate "1987.??.??"]

1. e4 c5 2. Nf3 d6 3. d4 cxd4 4. Nxd4 Nf6 5. Nc3 g6 6. Bc4 Bg7 7. h3 O-O 8. O-O
a6 9. Re1 b5 10. Bb3 Bb7 11. Bg5 Nbd7 12. Nd5 e6 13. Nxf6+ Bxf6 14. Bxf6 Qxf6
15. c3 Rfd8 16. Qd2 Nc5 17. Bc2 e5 18. Nb3 Ne6 19. Na5 Rab8 20. Qe3 Ba8 21. b4
h5 22. Bb3 Nf4 23. Kh2 h4 24. Rad1 Kg7 25. a3 Rbc8 26. c4 Qg5 27. g3 Ne6 28.
Rc1 hxg3+ 29. fxg3 Qxe3 30. Rxe3 Ng5 31. Rce1 f5 32. cxb5 axb5 33. Bd5 Nxe4 34.
Bxa8 Rxa8 35. Rc1 Rdc8 36. Ree1 d5 37. Nc6 Kf6 38. Red1 Rxa3 39. Rxd5 Ra6 40.
Rxe5 Raxc6 41. Rxc6+ Rxc6 0-1

[Event "Nordic ch"]
[Site "Torshavn"]
[Date "1987.??.??"]
[Round "?"]
[White "Schneider, Lars Ake"]
[Black "Tisdall, J"]
[Result "1/2-1/2"]
[WhiteElo "2435"]
[BlackElo "2450"]
[PlyCount "77"]
[EventDate "1987.??.??"]

1. e4 c5 2. Nf3 d6 3. d4 cxd4 4. Nxd4 Nf6 5. Nc3 a6 6. f4 e5 7. Nf3 Nbd7 8. a4
Be7 9. Bd3 O-O 10. O-O Nc5 11. Kh1 exf4 12. Bxf4 Bd7 13. Nd4 Qb6 14. e5 dxe5
15. Bxe5 Nxd3 16. Qxd3 Kh8 17. Nf5 Bxf5 18. Qxf5 Qc6 19. Rf3 Rad8 20. Raf1 Ng8
21. Ne4 f6 22. Bc3 Rd5 23. Qg4 Nh6 24. Qh3 Qd7 25. Qxd7 Rxd7 26. h3 Kg8 27. Ng3
Rfd8 28. Nh5 Rd1 29. Nf4 Rxf1+ 30. Rxf1 Nf5 31. Re1 Bd6 32. Ne6 Ng3+ 33. Kg1
Re8 34. Kf2 Kf7 35. Nd4 Ne4+ 36. Kf3 Ng5+ 37. Kf2 Ne4+ 38. Kf3 Ng5+ 39. Kf2
1/2-1/2

[Event "Nordic ch"]
[Site "Torshavn"]
[Date "1987.??.??"]
[Round "?"]
[White "Schneider, Lars Ake"]
[Black "Valkesalmi, K"]
[Result "1-0"]
[WhiteElo "2435"]
[BlackElo "2405"]
[PlyCount "79"]
[EventDate "1987.??.??"]

1. e4 e5 2. Nf3 Nf6 3. Nxe5 d6 4. Nf3 Nxe4 5. d4 d5 6. Bd3 Bd6 7. O-O O-O 8. c4
c6 9. Re1 Re8 10. Nc3 Nxc3 11. Rxe8+ Qxe8 12. bxc3 dxc4 13. Bxc4 Bg4 14. Bg5
Nd7 15. Qd3 Nb6 16. Bb3 Bh5 17. Re1 Qd7 18. Ne5 Re8 19. f4 Bxe5 20. fxe5 Bg6
21. Qf3 Nd5 22. Rf1 b5 23. a4 b4 24. Bxd5 cxd5 25. cxb4 h6 26. Bd2 Be4 27. Qf4
Re6 28. b5 Rg6 29. Rf2 Bc2 30. a5 Bd3 31. e6 Rxe6 32. b6 axb6 33. Qb8+ Kh7 34.
axb6 Qb5 35. h3 Rxb6 36. Qf8 f5 37. Bf4 Rg6 38. Be5 Be4 39. h4 Qb1+ 40. Kh2 {
time} 1-0

[Event "Nordic ch"]
[Site "Torshavn"]
[Date "1987.??.??"]
[Round "?"]
[White "Tisdall, J"]
[Black "Arnason, Jon"]
[Result "0-1"]
[WhiteElo "2450"]
[BlackElo "2555"]
[PlyCount "56"]
[EventDate "1987.??.??"]

1. d4 Nf6 2. c4 e6 3. Nf3 b6 4. Nc3 Bb4 5. Qb3 c5 6. a3 Bxc3+ 7. Qxc3 d6 8.
dxc5 bxc5 9. g3 O-O 10. Bg2 Bb7 11. O-O a5 12. b3 Nbd7 13. Bb2 Qb6 14. a4 Rab8
15. Nd2 Bxg2 16. Kxg2 d5 17. e3 Rfd8 18. Rac1 Ne8 19. cxd5 exd5 20. Ba3 Rdc8
21. Kg1 Nef6 22. Rfd1 h5 23. Bb2 c4 24. Ba1 cxb3 25. Qxc8+ Rxc8 26. Rxc8+ Kh7
27. Rb1 Qb4 28. Bc3 Qb7 0-1

[Event "Nordic ch"]
[Site "Torshavn"]
[Date "1987.??.??"]
[Round "?"]
[White "Tisdall, J"]
[Black "Maki, V"]
[Result "1/2-1/2"]
[WhiteElo "2450"]
[BlackElo "2340"]
[PlyCount "35"]
[EventDate "1987.??.??"]

1. d4 Nf6 2. c4 c6 3. Nc3 d6 4. e4 Nbd7 5. Nf3 e5 6. Be2 Be7 7. O-O O-O 8. Qc2
a6 9. a3 b5 10. h3 Bb7 11. Be3 Qc7 12. Rac1 Rac8 13. Qb1 Qb8 14. Rfd1 Rfe8 15.
dxe5 dxe5 16. b4 c5 17. cxb5 cxb4 18. axb4 1/2-1/2

[Event "Nordic ch"]
[Site "Torshavn"]
[Date "1987.??.??"]
[Round "?"]
[White "Tisdall, J"]
[Black "Olafsson, Helgi"]
[Result "1-0"]
[WhiteElo "2450"]
[BlackElo "2540"]
[PlyCount "125"]
[EventDate "1987.??.??"]

1. e4 c5 2. Nf3 d6 3. d4 cxd4 4. Nxd4 Nf6 5. Nc3 a6 6. Bg5 e6 7. Qd3 b5 8.
O-O-O b4 9. Nce2 Bb7 10. f4 Be7 11. Bxf6 Bxf6 12. g4 Nd7 13. g5 Nc5 14. Qe3 Be7
15. Bg2 Qb6 16. h4 O-O-O 17. Ng3 Rhe8 18. f5 exf5 19. Ndxf5 Bf8 20. Qd4 Qc7 21.
Nxg7 Bxg7 22. Qxg7 d5 23. e5 Rxe5 24. Qxh7 d4 25. Bxb7+ Kxb7 26. Rhf1 Rd7 27.
Kb1 Na4 28. Nf5 d3 29. Rxd3 Rxd3 30. cxd3 Re2 31. Nd6+ Qxd6 32. Rxf7+ Kb6 33.
Rf6 Re1+ 34. Kc2 Re6 35. Rxe6 Qxe6 36. Qh6 Nc5 37. Qxe6+ Nxe6 38. g6 Ng7 39. d4
a5 40. Kd3 Kc6 41. Kc4 Nh5 42. d5+ Kd6 43. Kd4 Ng3 44. Kd3 Nh5 45. Kc4 Ng7 46.
Kb5 Kxd5 47. Kxa5 Kc5 48. Ka4 Kc4 49. b3+ Kc5 50. a3 bxa3 51. Kxa3 Kb5 52. Kb2
Kb4 53. Kc2 Nh5 54. Kd2 Kxb3 55. Ke3 Kc3 56. Ke4 Kc4 57. Kf5 Kd5 58. Kg5 Ng7
59. Kf6 Nh5+ 60. Kf7 Ke5 61. g7 Nf6 62. h5 Ng4 63. Kg6 1-0

[Event "Nordic ch"]
[Site "Torshavn"]
[Date "1987.??.??"]
[Round "?"]
[White "Tisdall, J"]
[Black "Ostenstad, Berge"]
[Result "1/2-1/2"]
[WhiteElo "2450"]
[BlackElo "2410"]
[PlyCount "77"]
[EventDate "1987.??.??"]

1. e4 c6 2. d4 d5 3. Nd2 dxe4 4. Nxe4 Nd7 5. Bc4 Ngf6 6. Ng5 e6 7. Qe2 Nb6 8.
Bb3 h6 9. N5f3 a5 10. a3 c5 11. c3 Be7 12. dxc5 Nbd7 13. Ne5 Nxc5 14. Bc4 O-O
15. Ngf3 Bd7 16. O-O Ba4 17. Be3 Qc7 18. Bb5 Bxb5 19. Qxb5 a4 20. Rad1 Nd5 21.
Bxc5 Qxc5 22. Qxc5 Bxc5 23. Nd7 Rfc8 24. Nxc5 Rxc5 25. Rd4 b5 26. Re1 Rac8 27.
Kf1 Kf8 28. Ne5 R5c7 29. Nd3 Rc4 30. Rxc4 Rxc4 31. Nb4 Nc7 32. Re3 Ke7 33. Ke2
Rc5 34. Rg3 g6 35. Rg4 e5 36. Nd3 Rd5 37. c4 bxc4 38. Rxc4 Ne6 39. Nb4 1/2-1/2

[Event "Nordic ch"]
[Site "Torshavn"]
[Date "1987.??.??"]
[Round "?"]
[White "Tisdall, J"]
[Black "Wedberg, Tom"]
[Result "1/2-1/2"]
[WhiteElo "2450"]
[BlackElo "2475"]
[PlyCount "45"]
[EventDate "1987.??.??"]

1. Nf3 Nf6 2. d4 e6 3. c4 d5 4. Nc3 Be7 5. Bg5 h6 6. Bh4 O-O 7. e3 b6 8. Rc1
Bb7 9. Be2 Nbd7 10. O-O c5 11. cxd5 exd5 12. dxc5 bxc5 13. Qb3 Qb6 14. Rfd1
Rfd8 15. Bg3 Rac8 16. Ne5 c4 17. Nxd7 Nxd7 18. Qxb6 Nxb6 19. Bg4 Rc5 20. Be5
Ra5 21. Bc7 Rf8 22. Bf3 Bf6 23. Bxb6 1/2-1/2

[Event "Nordic ch"]
[Site "Torshavn"]
[Date "1987.??.??"]
[Round "?"]
[White "Valkesalmi, K"]
[Black "Arnason, Jon"]
[Result "1-0"]
[WhiteElo "2405"]
[BlackElo "2555"]
[PlyCount "107"]
[EventDate "1987.??.??"]

1. e4 c5 2. c3 d6 3. d4 Nf6 4. dxc5 Nc6 5. Bc4 e6 6. Bg5 Bd7 7. Nd2 dxc5 8.
Ngf3 Qc7 9. O-O h6 10. Bh4 Nh5 11. Ne1 Nf4 12. Bg3 g5 13. Nd3 Be7 14. e5 Nxe5
15. Nxf4 gxf4 16. Bxf4 Bg5 17. Bg3 Bxd2 18. Qe2 f6 19. Bxe5 Qxe5 20. Qxd2 O-O-O
21. Rfe1 Qc7 22. Qe3 e5 23. Rad1 Kb8 24. Bd5 h5 25. Rd2 c4 26. Red1 Bg4 27. f3
Bf5 28. b3 Bd3 29. bxc4 Bxc4 30. Bxc4 Rxd2 31. Qxd2 Qxc4 32. Qd6+ Qc7 33. Qxf6
Qc5+ 34. Kh1 Rc8 35. h4 Qxc3 36. Rd5 Qc1+ 37. Kh2 Qf4+ 38. Qxf4 exf4 39. Rxh5
Rc2 40. Ra5 b6 41. Ra4 a5 42. Rxf4 Rxa2 43. h5 Rc2 44. h6 Kb7 45. h7 Rc8 46. g4
Rh8 47. Rf7+ Ka6 48. g5 a4 49. g6 a3 50. Rf8 Rxf8 51. g7 Rf7 52. g8=Q Rxh7+ 53.
Qxh7 Ka5 54. Qa7+ 1-0

[Event "Nordic ch"]
[Site "Torshavn"]
[Date "1987.??.??"]
[Round "?"]
[White "Valkesalmi, K"]
[Black "Ostenstad, Berge"]
[Result "1/2-1/2"]
[WhiteElo "2405"]
[BlackElo "2410"]
[PlyCount "37"]
[EventDate "1987.??.??"]

1. e4 c6 2. d4 d5 3. exd5 cxd5 4. c4 Nf6 5. Nc3 e6 6. Nf3 Be7 7. cxd5 Nxd5 8.
Bd3 O-O 9. O-O Nc6 10. Re1 Nf6 11. a3 b6 12. Bc2 Ba6 13. Bg5 Rc8 14. Qd2 Nd5
15. Nxd5 Qxd5 16. Bxe7 Nxe7 17. Be4 Qd7 18. Ne5 Nd5 19. Rad1 1/2-1/2

[Event "Nordic ch"]
[Site "Torshavn"]
[Date "1987.??.??"]
[Round "?"]
[White "Valkesalmi, K"]
[Black "Tisdall, J"]
[Result "0-1"]
[WhiteElo "2405"]
[BlackElo "2450"]
[PlyCount "74"]
[EventDate "1987.??.??"]

1. e4 c5 2. c3 e6 3. d4 d5 4. e5 Qb6 5. Nf3 Nc6 6. a3 c4 7. g3 Bd7 8. Nbd2 Na5
9. h4 O-O-O 10. Bg2 Nh6 11. O-O f5 12. exf6 gxf6 13. Re1 Ng4 14. Nh2 h5 15.
Nxg4 hxg4 16. Qxg4 e5 17. Qf3 e4 18. Qe2 f5 19. f4 Be7 20. Nf1 Rdg8 21. h5 Be8
22. Ne3 Qe6 23. g4 fxg4 24. f5 Qd6 25. Nxd5 Qxd5 26. Bxe4 Qd6 27. Bg2 Rxh5 28.
Qe6+ Qxe6 29. Rxe6 Bd8 30. Re5 Bc7 31. Rc5 Nb3 32. Rxc7+ Kxc7 33. Bf4+ Kc8 34.
Re1 Rxf5 35. Be5 Bc6 36. d5 Re8 37. dxc6 Rfxe5 0-1

[Event "Nordic ch"]
[Site "Torshavn"]
[Date "1987.??.??"]
[Round "?"]
[White "Valkesalmi, K"]
[Black "Wedberg, Tom"]
[Result "1/2-1/2"]
[WhiteElo "2405"]
[BlackElo "2475"]
[PlyCount "63"]
[EventDate "1987.??.??"]

1. e4 e5 2. Nf3 Nc6 3. Bb5 a6 4. Bxc6 dxc6 5. d4 exd4 6. Qxd4 Qxd4 7. Nxd4 Bd7
8. Be3 O-O-O 9. Nd2 Nf6 10. f3 Be7 11. O-O-O c5 12. Ne2 Rhe8 13. Nf4 Bf8 14.
Nd3 b6 15. Bg5 h6 16. Bxf6 gxf6 17. Nf4 f5 18. Nh5 fxe4 19. Nxe4 Bc6 20. Nhf6
Rxd1+ 21. Rxd1 Re6 22. g4 Bg7 23. Nh5 Be5 24. Rd2 c4 25. Re2 Kd7 26. h3 Bd5 27.
c3 c5 28. Kd1 Kc6 29. Nd2 Kd6 30. Ne4+ Kc6 31. Nd2 Kd6 32. Ne4+ 1/2-1/2

[Event "Nordic ch"]
[Site "Torshavn"]
[Date "1987.??.??"]
[Round "?"]
[White "Wedberg, Tom"]
[Black "Hansen, Curt"]
[Result "0-1"]
[WhiteElo "2475"]
[BlackElo "2550"]
[PlyCount "98"]
[EventDate "1987.??.??"]

1. e4 c5 2. Nf3 d6 3. d4 cxd4 4. Nxd4 Nf6 5. Nc3 e6 6. g3 Nc6 7. Bg2 Bd7 8. O-O
Be7 9. a4 O-O 10. Nb3 Qc7 11. f4 Rfd8 12. Be3 Nb4 13. Qe2 Rac8 14. Rfc1 b6 15.
Bf3 Bc6 16. Nd4 Bb7 17. a5 Qb8 18. axb6 axb6 19. Ndb5 Ba6 20. Qf2 Bxb5 21. Nxb5
d5 22. e5 Nd7 23. Qd2 Nc6 24. Nd4 b5 25. Be2 Nxd4 26. Bxd4 b4 27. Qe3 Bc5 28.
c3 Rc6 29. cxb4 Qxb4 30. Bxc5 Rxc5 31. Rxc5 Nxc5 32. Qc3 Qb6 33. Qd4 Qc6 34.
Rd1 Nb3 35. Qd3 Qb6+ 36. Kg2 g6 37. h4 Rb8 38. Rb1 Qb4 39. h5 Nd2 40. Rc1 Ne4
41. Rc2 Qe1 42. Bg4 Kg7 43. Re2 Qc1 44. Bf3 Rxb2 45. hxg6 Rb1 46. Bxe4 dxe4 47.
Qxe4 Qh1+ 48. Kf2 Qf1+ 49. Ke3 Rb3+ 0-1

[Event "Nordic ch"]
[Site "Torshavn"]
[Date "1987.??.??"]
[Round "?"]
[White "Wedberg, Tom"]
[Black "Maki, V"]
[Result "1/2-1/2"]
[WhiteElo "2475"]
[BlackElo "2340"]
[PlyCount "97"]
[EventDate "1987.??.??"]

1. e4 c5 2. Nf3 Nc6 3. d4 cxd4 4. Nxd4 g6 5. c4 Nf6 6. Nc3 Nxd4 7. Qxd4 d6 8.
Be3 Bg7 9. f3 O-O 10. Qd2 Be6 11. Rc1 Qa5 12. Be2 Rfc8 13. b3 a6 14. Nd5 Qxd2+
15. Kxd2 Nxd5 16. exd5 Bd7 17. a4 Bb2 18. Rb1 Ba3 19. b4 a5 20. bxa5 Rxa5 21.
Rxb7 Bxa4 22. Ra1 Be8 23. Bd4 Kf8 24. Bd3 Ra4 25. Rab1 Bc5 26. Bxc5 Rxc5 27.
Rb8 Rca5 28. Rd8 Ra8 29. Rbb8 Rxb8 30. Rxb8 Ra5 31. Rd8 f5 32. h4 Kf7 33. Ke3
Ra3 34. g4 fxg4 35. fxg4 Ba4 36. Ra8 Ra2 37. Kd4 Bb3 38. Rxa2 Bxa2 39. Kc3 e6
40. Kb2 exd5 41. Kxa2 dxc4 42. Bxc4+ Kf6 43. Kb3 h5 44. g5+ Kf5 45. Be2 Kf4 46.
Bxh5 Kg3 47. Bxg6 Kxh4 48. Bf7 Kxg5 49. Kc4 1/2-1/2

[Event "Nordic ch"]
[Site "Torshavn"]
[Date "1987.??.??"]
[Round "?"]
[White "Wedberg, Tom"]
[Black "Olafsson, Helgi"]
[Result "1/2-1/2"]
[WhiteElo "2475"]
[BlackElo "2540"]
[PlyCount "36"]
[EventDate "1987.??.??"]

1. e4 c5 2. Nf3 d6 3. d4 cxd4 4. Nxd4 Nf6 5. Nc3 a6 6. Be3 e6 7. g4 h6 8. f3
Nbd7 9. Qd2 b5 10. h4 Ne5 11. Rg1 b4 12. Nd1 d5 13. g5 hxg5 14. hxg5 Ng8 15. f4
Nc4 16. Bxc4 dxc4 17. g6 f6 18. Qe2 Qc7 1/2-1/2

[Event "Nordic ch"]
[Site "Torshavn"]
[Date "1987.??.??"]
[Round "?"]
[White "Wedberg, Tom"]
[Black "Ostenstad, Berge"]
[Result "1-0"]
[WhiteElo "2475"]
[BlackElo "2410"]
[PlyCount "91"]
[EventDate "1987.??.??"]

1. e4 d5 2. exd5 Nf6 3. d4 Nxd5 4. Nf3 g6 5. h3 Bg7 6. c4 Nb6 7. Nc3 O-O 8. Be3
Nc6 9. Qd2 e5 10. d5 Na5 11. b3 f5 12. Bh6 e4 13. Bxg7 Kxg7 14. Nd4 c5 15. dxc6
Nxc6 16. Nxc6 Qxd2+ 17. Kxd2 bxc6 18. Be2 Be6 19. f4 Kf6 20. Ke3 Rfd8 21. g4 a5
22. Rhd1 Ke7 23. Rxd8 Rxd8 24. Rg1 Kf6 25. c5 Nd5+ 26. Nxd5+ Rxd5 27. Rc1 Ke7
28. Rc2 Rd8 29. Rd2 Rxd2 30. Kxd2 h6 31. gxf5 Bxf5 32. h4 Ke6 33. Bc4+ Kf6 34.
Ke3 Ke7 35. Ba6 Ke6 36. Kd4 Kf6 37. Bb7 g5 38. hxg5+ hxg5 39. fxg5+ Kxg5 40.
Ke3 Kf6 41. Bxc6 Ke5 42. a3 Be6 43. b4 axb4 44. axb4 Bb3 45. Bxe4 Ba4 46. Bf3
1-0

[Event "Nordic ch"]
[Site "Torshavn"]
[Date "1987.??.??"]
[Round "?"]
[White "Wedberg, Tom"]
[Black "Schneider, Lars Ake"]
[Result "1-0"]
[WhiteElo "2475"]
[BlackElo "2435"]
[PlyCount "61"]
[EventDate "1987.??.??"]

1. e4 e5 2. Nf3 Nf6 3. d4 Nxe4 4. Bd3 d5 5. Nxe5 Nd7 6. Nxd7 Bxd7 7. O-O Qh4 8.
c4 O-O-O 9. c5 g5 10. Nc3 f5 11. Nxd5 Nxf2 12. Rxf2 Qxd4 13. Bxg5 Bxc5 14. Ne3
f4 15. Bxf4 Rhf8 16. Qf1 Qxe3 17. Bxe3 Bxe3 18. Qe2 Bxf2+ 19. Kh1 Rde8 20. Qc2
Bb6 21. Be4 Rf2 22. Qd3 Be6 23. a4 a5 24. b4 Rd8 25. Qb5 Bd7 26. Qc4 axb4 27.
a5 Ba7 28. Qxb4 c6 29. Rb1 Rdf8 30. Bf3 Kd8 31. Qxf8+ 1-0